Sports Quiz

Random Sports or NBA Quiz
Score 0/5 Timer 02:30
4 Plays Today
% Correct
Lebron James
97.6%
Kareem Abdul-Jabbar
91.7%
Kawhi Leonard
88.3%
Reggie Jackson
74.1%
Patrick Roy
60.3%

You're not logged in!

Compare scores with friends on all Sporcle quizzes.
OR
Log In

Sporcle TV

Today on Sporcle TV


Watch our educational content, quiz creation guides, and fun videos on Sporcle TV.

Show Comments

Extras

Top Quizzes Today


Score Distribution

Paid Content

Your Account Isn't Verified!

In order to create a playlist on Sporcle, you need to verify the email address you used during registration. Go to your Sporcle Settings to finish the process.

Report this User

Report this user for behavior that violates our Community Guidelines.

Details: